000
00350 a2200169 4500
001
58602
020
_a
8532504825
040
_c
Anchieta - Pituba
100
_a
Santiago, Silviano
240
1
0
_a
Em liberdade
_l
por
245
1
0
_a
Em liberdade
300
_a
253
362
0
_a
1994
440
1
_a
Rocco
650
4
_a
Ficção brasileira
942
_c
BK
999
_c
58602
_d
58602